Plus Grandes Villes Île de France - Statistiques

Statistiques générales
  • Ce quiz a été pris 297 fois
  • Le résultat moyen est 26 sur 42
Statistiques - réponses
Département Ville
Population
(en milliers)
% Correct
Paris Paris 2 161
100%
Seine Saint Denis Saint Denis 112
95%
Yvelines Versailles 85
90%
Hauts de Seine Boulogne Billancourt 121
89%
Hauts de Seine Nanterre 96
87%
Essonne Évry Courcouronnes 67
83%
Val de Marne Créteil 92
82%
Val d'Oise Argenteuil 110
79%
Seine Saint Denis Montreuil 109
78%
Seine Saint Denis Aubervilliers 87
76%
Val d'Oise Cergy 66
76%
Hauts de Seine Neuilly sur Seine 59
74%
Val de Marne Ivry sur Seine 63
73%
Seine Saint Denis Bobigny 54
69%
Seine Saint Denis Aulnay sous Bois 86
67%
Hauts de Seine Issy les Moulineaux 68
67%
Val d'Oise Sarcelles 58
65%
Hauts de Seine Antony 62
64%
Val de Marne Vitry sur Seine 94
64%
Hauts de Seine Colombes 86
63%
Seine Saint Denis Drancy 72
63%
Hauts de Seine Levallois Perret 65
63%
Hauts de seine Asnières sur Seine 85
62%
Hauts de Seine Clichy 62
61%
Seine et Marne Meaux 55
61%
Hauts de Seine Courbevoie 82
58%
Seine Saint Denis Noisy le Grand 68
58%
Seine Saint Denis Pantin 59
57%
Hauts de Seine Rueil Malmaison 77
55%
Seine Saint Denis Saint Ouen sur Seine 50
53%
Val de Marne Champigny sur Marne 77
50%
Seine Saint Denis Sevran 51
50%
Val de Marne Villejuif 54
50%
Seine Saint Denis Bondy 54
46%
Hauts de Seine Clamart 52
46%
Val de Marne Saint Maur des Fossés 75
46%
Essonne Massy 50
45%
Val de Marne Fontenay sous Bois 52
42%
Seine Saint Denis Épinay sur Seine 54
41%
Seine et Marne Chelles 55
38%
Val de Marne Maisons Alfort 55
33%
Yvelines Sartrouville 52
30%
Aucun quiz correspondant
Distribution des résultats
% des personnes avec chaque résultat
Percentile par nombre de réponses
Votre historique - résultats
Vous n’avez pas pris ce quiz